[Event "Polanica Zdroj op-B 41st"]
[Site "Polanica Zdroj"]
[Date "2005.08.19"]
[Round "1"]
[White "Zgadzaj, Rafal"]
[Black "Kowalik, Monika"]
[Result "1-0"]
[WhiteElo "2185"]
[BlackElo "1929"]
[PlyCount "25"]
[EventDate "2005.08.19"]
[EventType "swiss"]
[EventRounds "10"]
[EventCountry "POL"]
[SourceTitle "CBM 108 Extra"]
[Source "ChessBase"]
[SourceDate "2005.11.04"]
[SourceVersion "1"]
[SourceVersionDate "2005.11.04"]
[SourceQuality "1"]

1. Nf3 d5 2. c4 Nf6 3. g3 g6 4. b3 Bg7 5. Bb2 0-0 6. Bg2 Nc6 7. 0-0 b6 8. Nc3 Rb8 9. Rc1 Bb7 10. d4 e6 11. cxd5 exd5 12. Ne5 Ne4 13. Nxc6 1-0